000 01714cam a22005054i 4500
003 PE-LiUPU
005 20250731173014.0
008 150623s r 000 0 d
020 _a0195115570
035 _a(Sirsi) i9780195115574
040 _aPE-LiUPU
_bspa
_cPE-LiUPU
_erda
049 _aPRUA
082 0 4 _a215
_bE37
_221
245 0 0 _aEvangelicals and science in historical perspective /
_ceditado por David N. Livingstone, D.G. Hart, Mark A. Noll.
264 1 _aNew York, NY :
_bOxford University Press,
_c1999.
300 _a351 páginas ;
_c24 centímetros
336 _atext
_2rdacontent
337 _aunmediated
_2rdamedia
338 _avolume
_2rdacarrier
490 0 _aReligion in America Series
504 _aIncluye bibliografía.
505 0 _aOverview. -Orientations. -Theological engagements. -Especific encounters. -Wider domains.
526 _aSEG42
526 _aSEG41
526 _aSEG40
526 _aSEG39
526 _aP94
526 _aP87
526 _aP86
526 _aP85
526 _aP77
526 _aP76
526 _aP35
650 0 4 _aEvangelismo
_xHistoria.
650 0 4 _aReligión y la ciencia
_xHistoria.
700 1 _aHart, D. G.,
_eed.
700 1 _aLivingstone, David N.,
_d1953-,
_eed.
700 1 _aNoll, Mark A.1946-,
_eed.
942 _2ddc
_cBOOK
949 _a215 E37
_wDEWEY
_c1
_i47239
_lCCODEBUL1
_mBUL
_r0
_sY
_tBOOK
_u2015-6-24
_xTEOLOGIA
_PP35
_0COMPRA
_o.STAFF. Colección General
994 _aC0
_bPEPRU
596 _a1
999 _a215 E37
_wDEWEY
_c23790
_i47239
_f2021-11-9
_g5
_lCCODEBUL1
_mBUL
_r0
_sY
_tBOOK
_u2015-6-24
_xTEOLOGIA
_PP35
_0COMPRA
_o.STAFF. Colección General
_d23790
980 _81
_gALBERTO SANCHEZ Responsable de Automatización